| 000 | 00715nam a2200193 a 4500 | ||
|---|---|---|---|
| 001 | 000040430 | ||
| 005 | 20201002034126.0 | ||
| 008 | 130826s2003 mx 000 0 spa d | ||
| 020 | _a9703204864 | ||
| 040 |
_aDO-SdBNP _bspa _cBNPHU |
||
| 100 | 1 |
_aGarita Alonso, Miguel Ángel _966724 |
|
| 245 | 1 | 4 |
_aNuevo concepto de la división de poderes / _cMiguel Ángel Garita Alonso,. |
| 260 |
_aMéxico : _bUniversidad Nacional Autónoma de México, _c2003. |
||
| 300 |
_a18 p. ; _c21 cm. |
||
| 490 | 1 |
_aLectura jurídicas _aEstudios jurídicos _v12 |
|
| 700 | 1 |
_aPérez Rodríguez, Nadia _966725 |
|
| 710 | 2 |
_aUniversidad Nacional Autónoma de México _942447 |
|
| 830 | 0 |
_aLectura jurídicas _aEstudios jurídicos _v12 _966718 |
|
| 999 |
_c39920 _d39920 |
||